Plasmids: A practical approach (Record no. 58303)

MARC details
000 -LEADER
fixed length control field 00735nam a2200289Ia 4500
003 - CONTROL NUMBER IDENTIFIER
control field OSt
005 - DATE AND TIME OF LATEST TRANSACTION
control field 20220912150949.0
008 - FIXED-LENGTH DATA ELEMENTS--GENERAL INFORMATION
fixed length control field 220909b |||||||| |||| 00| 0 eng d
037 ## - SOURCE OF ACQUISITION
Terms of availability Textual
040 ## - CATALOGING SOURCE
Original cataloging agency CSL
Language of cataloging eng
Transcribing agency CSL
041 ## - LANGUAGE CODE
Language code of text/sound track or separate title eng
100 ## - MAIN ENTRY--PERSONAL NAME
Personal name Hardy K G Ed.
245 #0 - TITLE STATEMENT
Title Plasmids: A practical approach
260 ## - PUBLICATION, DISTRIBUTION, ETC.
Place of publication, distribution, etc. Oxford
Name of publisher, distributor, etc. IRL Press
Date of publication, distribution, etc. 1987
300 ## - PHYSICAL DESCRIPTION
Extent xi, 180p.
Dimensions cm.
490 ## - SERIES STATEMENT
Series statement Practical approach series
500 ## - GENERAL NOTE
General note Includes bibliography
650 ## - SUBJECT ADDED ENTRY--TOPICAL TERM
Topical term or geographic name entry element Bacteria
650 ## - SUBJECT ADDED ENTRY--TOPICAL TERM
Topical term or geographic name entry element Protophyta
650 ## - SUBJECT ADDED ENTRY--TOPICAL TERM
Topical term or geographic name entry element Botany
942 ## - ADDED ENTRY ELEMENTS (KOHA)
Classification part I21,112, M7
Koha item type Textual
Source of classification or shelving scheme Colon Classification (CC)
Holdings
Withdrawn status Lost status Damaged status Not for loan Home library Current library Date acquired Total Checkouts Full call number Barcode Date last seen Price effective from Koha item type
        Central Science Library Central Science Library 2022-09-12   I21,112 M7 SL0956120 2022-09-12 2022-09-12 Textual
Copyright @ Delhi University Library System